000 00314nam a2200133Ia 4500
008 170203s9999 xx 000 0 und d
020 _a9788131904473
050 _aFic
050 _b.A245
245 _aAdventure of Huckleberry Finn /
260 _aNew Delhi :
260 _bKuldeep Jain
300 _a16 pages;
999 _c306107
_d306107